MARC

LEADER 00000nas a2200000 a 4500
001 ssj0006338
003 WaSeSS
005 20200512172242.0
006 m d
007 cr n
008 000602c19859999mauqr pss 0 a0eng c
010 |a  2010233043 
015 |a GBB350644  |2 bnb 
016 7 |a 012434500  |2 Uk 
016 7 |a 012418838  |2 Uk 
016 7 |a 2021140-5  |2 DE-600 
022 |a 1571-9979  |l 0748-4526  |y 0748-4526 
030 |a NEJOEQ 
035 |a (WaSeSS)ssj0006338 
040 |a F#A  |b eng  |c F#A  |d OCLCQ  |d MUQ  |d RBN  |d OCL  |d EYM  |d SYB  |d GUA  |d OCLCQ  |d BUF  |d NZAUC  |d AUD  |d CEF  |d AU@  |d UKMGB  |d OCLCQ  |d COO  |d OCLCO  |d OCLCF  |d OCLCO  |d OCLCQ  |d OCLCA  |d RCE  |d NLE  |d OCLCQ  |d SFB  |d WaSeSS 
042 |a pcc 
050 1 4 |a HD42 
082 0 4 |a 302.3 
130 0 |a Negotiation journal (Online) 
222 0 |a Negotiation journal  |b (Online) 
245 1 0 |a Negotiation journal  |h [electronic resource]. 
260 |3 <1985>-2003 :  |a [New York, N.Y.] :  |b Plenum Pub. 
260 3 |3 2004- :  |a Malden, MA :  |b Blackwell 
310 |a Quarterly 
362 1 |a Print began with vol. 1, no. 1 (Jan. 1985). 
506 |a License restrictions may limit access. 
538 |a Mode of access: World Wide Web. 
550 |a Published by the Program on Negotiation at Harvard Law School and Blackwell Publishing, <2002-> 
588 |a Description based on: Vol. 12, no. 1 (Jan. 1996); title from journal information screen (Wiley InterScience, viewed Feb. 5, 2010). 
588 |a Latest issue consulted: Vol. 27, issue 3 (July 2011) (Wiley Online Library, viewed Oct. 13, 2011). 
650 0 |a Conflict management  |v Periodicals. 
650 0 |a Negotiation  |v Periodicals. 
650 0 |a Dispute resolution (Law)  |v Periodicals. 
650 6 |a Gestion des conflits  |v Périodiques. 
650 6 |a Négociations  |v Périodiques. 
650 6 |a Règlement de conflits  |v Périodiques. 
650 7 |a Conflict management.  |2 fast  |0 (OCoLC)fst00874778 
650 7 |a Dispute resolution (Law)  |2 fast  |0 (OCoLC)fst00895372 
650 7 |a Negotiation.  |2 fast  |0 (OCoLC)fst01035551 
655 0 |a Electronic journals. 
710 2 |a Program on Negotiation at Harvard Law School. 
776 0 8 |i Print version:  |t Negotiation journal  |x 0748-4526  |w (DLC) 85645896  |w (OCoLC)10945745 
856 4 0 |z Full text available from Research Library: 01/01/1999 to 1 year ago  |u https://search.proquest.com/publication/37977